| 000 | 01180cam a2200289 a 4500 | ||
|---|---|---|---|
| 001 | 15149271 | ||
| 003 | SISC | ||
| 005 | 20161204051045.0 | ||
| 008 | 080122s2008 nyu b 001 0 eng | ||
| 010 | _a 2008270896 | ||
| 020 | _a9780345472328 (pbk.) | ||
| 040 |
_aDLC _cDLC _dDLC |
||
| 050 | 0 | 0 |
_aBF 773 _b.D85 2008 |
| 082 | 0 | 0 | _a153.8 |
| 100 | 1 |
_aDweck, Carol S., _d1946- |
|
| 245 | 1 | 0 |
_aMindset : _bthe new psychology of success / _cCarol S. Dweck. |
| 250 | _aBallantine Books trade pbk. ed. | ||
| 260 |
_aNew York : _bBallantine Books, _c2008. |
||
| 300 |
_ax, 277 pages ; _c21 cm. |
||
| 500 | _aIncludes bibliographical references and index. | ||
| 505 | 0 | _aThe mindsets -- Inside the mindsets -- The truth about ability and accomplishment -- The mindset of a champion -- Mindset and leadership -- Mindsets in love (or not) -- Parents, teachers, and coaches : where do mindsets come from? -- Changing mindsets : a workshop. | |
| 650 | 0 | _aBelief and doubt. | |
| 650 | 0 |
_aSuccess _xPsychological aspects. |
|
| 906 |
_a7 _bcbc _corigcop _d2 _encip _f20 _gy-gencatlg |
||
| 942 |
_2lcc _cBK |
||
| 999 |
_c305283 _d305283 |
||